000 00583nam a2200193Ia 4500
001 9257
003 GE_BSU
008 181216s||||||||xx |||||||||||||| ||und||
040 _cGE_BSU
080 _a681.21(035.5)
100 _aЛевин,И.Я. Щиряева,В.А.
245 _aСправочник конструктора точных приборов.
260 _aМ.
260 _bОборонгиз.
260 _c1962.
300 _a727 стр. с илл. 22см.
653 _aСправочник конструктора точных приборов.
942 _cBK
999 _c42558
_d42558